| 000 | 01345nam a2200337 a 4500 | ||
|---|---|---|---|
| 001 | ebr10488629 | ||
| 003 | CaPaEBR | ||
| 006 | m u | ||
| 007 | cr cn||||||||| | ||
| 008 | 090105s2009 nyua sb 000 0 eng d | ||
| 010 | _z 2008054612 | ||
| 020 | _z9781568988405 (alk. paper) | ||
| 040 |
_aCaPaEBR _cCaPaEBR |
||
| 035 | _a(OCoLC)769114602 | ||
| 043 | _ae------ | ||
| 050 | 1 | 4 |
_aTR659 _b.S738 2009eb |
| 082 | 0 | 4 |
_a721/.43094/0902 _222 |
| 100 | 1 |
_aStephenson, David, _d1955- |
|
| 245 | 1 | 0 |
_aHeavenly vaults _h[electronic resource] : _bfrom Romanesque to Gothic in European architecture / _cDavid Stephenson. |
| 250 | _a1st ed. | ||
| 260 |
_aNew York : _bPrinceton Architectural Press, _cc2009. |
||
| 300 |
_a191 p. : _bcol. ill. |
||
| 504 | _aIncludes bibliographical references. | ||
| 533 |
_aElectronic reproduction. _bPalo Alto, Calif. : _cebrary, _d2013. _nAvailable via World Wide Web. _nAccess may be limited to ebrary affiliated libraries. |
||
| 650 | 0 |
_aArchitectural photography _zEurope. |
|
| 650 | 0 |
_aPhotography of interiors _zEurope. |
|
| 650 | 0 |
_aVaults (Architecture), Medieval _zEurope _vPictorial works. |
|
| 655 | 7 |
_aElectronic books. _2local |
|
| 710 | 2 | _aebrary, Inc. | |
| 856 | 4 | 0 |
_uhttp://site.ebrary.com/lib/rucke/Doc?id=10488629 _zAn electronic book accessible through the World Wide Web; click to view |
| 999 |
_c122948 _d122948 |
||